00327pab a2200133 454500008004000000100001700040245004500057260000900102300001500111362001100126650000800137650001400145773003400159180718b2001 xxu||||| |||| 00| 0 eng d aPuri, Balraj aIndia, Kashmir and war against terrorism c2001 ap.4043-044 a27 Oct aWar aTerrorism aEconomic and Political Weekly